| 000 | 01593nam0a22002411 4500 | ||
|---|---|---|---|
| 001 | rc\2611750 | ||
| 005 | 20250623134936.0 | ||
| 035 | _a(NLR Aleph) 006775607 | ||
| 090 |
_a5990378 _c5990378 |
||
| 100 | _a20110914d1930 |||y0rusy50 ca | ||
| 101 | 0 | _arus | |
| 102 | _aRU | ||
| 105 | _aa z ||||| | ||
| 200 | 1 |
_aХудожественная картина на уроках литературы _fС. В. Касторский _gГос. ин-т науч. педагогики |
|
| 210 |
_aМосква _aЛенинград _cРаботник просвещения _d1930 _eЛенинград _gгос. тип. им. Евг. Соколовой |
||
| 215 |
_a133, [3] с. _cил. _d17х13 см. |
||
| 320 | _aБиблиография: "Библиография" (на 3 страницах). "Художественно-иллюстрированные альбомы, монографии и сборники с картинами-иллюстрациями к художественной литературе" (110 названий). "Иллюстрированные издания писателей" (на 5 страницах). "Современные иллюстрированные хрестоматии" (на 1 странице). "Список библиографических материалов к иллюстрированным изданиям" (на 2 страницах) | ||
| 700 | 1 |
_aКасторский _bС.В. _f1898-1962 _gСергей Васильевич |
|
| 801 | 0 |
_aRU _bNLR _gpsbo |
|
| 801 | 1 |
_aRU _bELAR _2rusmarc |
|
| 852 |
_aNLR _j30.1/451 |
||
| 942 | _cBOOK | ||
| 980 | _aNB | ||